000
00205 a2200097 4500
001
5469
100
_a
Adlam,GHJ
245
_a
Atomic energy for space & ware
260
_a
_b
Oliver
_c
090
_c
4487
_d
4487
942
_a
NUST-CAE
_c
M
_c
30808
999
_c
240542
_d
240542